সচিব বিদ্যা ও বাণিজ্যিক পত্রালাপ / (Record no. 52536)
[ view plain ]
| 000 -LEADER | |
|---|---|
| fixed length control field | 00973nam a2200241 a 4500 |
| 001 - CONTROL NUMBER | |
| control field | 52536 |
| 003 - CONTROL NUMBER IDENTIFIER | |
| rucl marc code | BD-RjUL |
| 005 - DATE AND TIME OF LATEST TRANSACTION | |
| control field | 20211209075826.0 |
| 008 - FIXED-LENGTH DATA ELEMENTS--GENERAL INFORMATION | |
| fixed length control field | 160921s1982 bg ||||| |||| 00| 0 ben d |
| 035 ## - SYSTEM CONTROL NUMBER | |
| System control number | (BD-RjUL)52656 |
| 040 ## - CATALOGING SOURCE | |
| Original cataloging agency | BD-RjUL |
| Language of cataloging | Ben |
| Transcribing agency | BD-RjUL |
| Modifying agency | BD-RjUL |
| 041 ## - LANGUAGE CODE | |
| Language code of text/sound track or separate title | ben |
| 082 ## - DEWEY DECIMAL CLASSIFICATION NUMBER | |
| Edition number | 23 |
| Classification number | 651.75 |
| Author mark and year | MAS 1982 |
| 100 ## - MAIN ENTRY--PERSONAL NAME | |
| Personal name | মান্নান, আবদুল |
| 9 (RLIN) | 157092 |
| 245 10 - TITLE STATEMENT | |
| Title | সচিব বিদ্যা ও বাণিজ্যিক পত্রালাপ / |
| Statement of responsibility, etc. | আদুল মান্নান ও শহীদ উদ্দীন মাহমুদ |
| 250 ## - EDITION STATEMENT | |
| Edition statement | ২য় সং. |
| 260 ## - PUBLICATION, DISTRIBUTION, ETC. (IMPRINT) | |
| Place of publication, distribution, etc. | চট্টগ্রাম : |
| Name of publisher, distributor, etc. | আবীর পাবলিকেশন, |
| Date of publication, distribution, etc. | ১৯৮২. |
| 300 ## - PHYSICAL DESCRIPTION | |
| Pagination | [৬], ১৮৪ পৃ. ; |
| Size | ১৯ সেমি. |
| 650 ## - SUBJECT ADDED ENTRY--TOPICAL TERM | |
| Topical term or geographic name as entry element | পত্রবিনিময় |
| 9 (RLIN) | 157093 |
| Topical term or geographic name as entry element | Correspondence |
| 9 (RLIN) | 157094 |
| 700 ## - ADDED ENTRY--PERSONAL NAME | |
| Personal name | মাহমুদ, শহীদ উদ্দীন |
| 942 ## - ADDED ENTRY ELEMENTS (KOHA) | |
| Source of classification or shelving scheme | Dewey Decimal Classification |
| Koha item type | Books |
| Lost status | Source of classification or shelving scheme | Damaged status | Not for loan | Collection code | Permanent Location | Current Location | Shelving location | Date acquired | Source of acquisition | Cost, normal purchase price | Total Checkouts | Full call number | Date last seen | Copy number | Koha item type |
|---|---|---|---|---|---|---|---|---|---|---|---|---|---|---|---|
| Dewey Decimal Classification | Non-fiction | Central Library, University of Rajshahi | Central Library, University of Rajshahi | 16/06/1982 | Alighor library, Rajshahi. | 20.00 | B 651.75 MAS 1982 | 21/09/2016 | C-2 | Books | |||||
| Dewey Decimal Classification | Non-fiction | Central Library, University of Rajshahi | Central Library, University of Rajshahi | 09/06/1983 | Dhaka, Ideal library | 25.00 | B 651.75 MAS 1982 | 26/09/2016 | C-3 | Books | |||||
| Dewey Decimal Classification | Non-fiction | Central Library, University of Rajshahi | Central Library, University of Rajshahi | 09/06/1983 | Ideal Library, Dhaka. | 2.50 | B 651.75 MAS 1982 | 28/11/2016 | C-4 | Books | |||||
| Dewey Decimal Classification | Not For Loan | Non-fiction | Central Library, University of Rajshahi | Central Library, University of Rajshahi | Reading Room | 09/09/1983 | Dhaka, Ideal library | 25.00 | B 651.75 MAS 1982 | 29/01/2017 | C-1 | Books |